000
00358nam a2200145Ia 4500
008
151213s9999 xx 000 0 und d
100
_a
John Loftis
245
_a
Restoration Drama
_c
John Loftis
260
_a
New York
_b
Oxford University Press
_c
1966
300
_a
4510 p.
650
_a
Critics
650
_a
English
700
_a
John Loftis
999
_c
2885
_d
2885